UBT Library

A Day in the life of the Soviet Union / (Record no. 42854)

000 -LEADER
fixed length control field 00747cam a2200229 a 4500
001 - CONTROL NUMBER
control field 1477781
005 - DATE AND TIME OF LATEST TRANSACTION
control field 20180216095827.0
008 - FIXED-LENGTH DATA ELEMENTS--GENERAL INFORMATION
fixed length control field 870630s1987 nyua 000 0 eng
010 ## - LIBRARY OF CONGRESS CONTROL NUMBER
LC control number 87018384
020 ## - INTERNATIONAL STANDARD BOOK NUMBER
International Standard Book Number 0002179695 (returnable ed.) :
Terms of availability $39.95
020 ## - INTERNATIONAL STANDARD BOOK NUMBER
International Standard Book Number 0002179725 (nonreturnable ed.)
040 ## - CATALOGING SOURCE
Original cataloging agency DLC
Transcribing agency DLC
Modifying agency DLC
041 ## - LANGUAGE CODE
Language code of text/sound track or separate title eng
043 ## - GEOGRAPHIC AREA CODE
Geographic area code e-ur---
080 ## - UNIVERSAL DECIMAL CLASSIFICATION NUMBER
Universal Decimal Classification number 947.0854.0222 fas
082 00 - DEWEY DECIMAL CLASSIFICATION NUMBER
Classification number 947.0854.0222 fas
Edition number 19
100 ## - Rafti
Rafti 42
101 ## - Shkurtesa
Shkurtesa gje
245 02 - TITLE STATEMENT
Title A Day in the life of the Soviet Union /
Statement of responsibility, etc photographed by 100 of the world's leading photojournalists on one day, May 15, 1987 ; project directors, Rick Smolan and David Cohen.
906 ## - LOCAL DATA ELEMENT F, LDF (RLIN)
a 7
b cbc
c orignew
d 1
e ocip
f 19
g y-gencatlg
942 ## - ADDED ENTRY ELEMENTS (KOHA)
Source of classification or shelving scheme
Item type Books
Holdings
Withdrawn status Lost status Source of classification or shelving scheme Damaged status Not for loan Collection code Permanent location Current location Shelving location Date acquired Total Checkouts Full call number Barcode Date last seen Price effective from Koha item type
          Koleksioni i përgjithshem UBT - Lipjan UBT - Lipjan Koleksioni i përgjithshem 02/16/2018   947.0854.0222 fas 002-2998377 02/16/2018 02/16/2018 Books
UBT Library © 2015-2024. All rights reserved University Education for Business and Technology